| 000 | 00626nas a2200217 4500 | ||
|---|---|---|---|
| 001 | BR7302723 | ||
| 003 | BR-BrBNA | ||
| 005 | 20231205082432.0 | ||
| 007 | ta | ||
| 008 | 230509b bl.|||p| |||| 00| 00por d | ||
| 040 |
_aBR-BrBNA _bpor _cBiblioteca Nacional de Agricultura |
||
| 041 | _a(Pt) | ||
| 072 | _aF27 | ||
| 100 | 1 | _aDuarte, R.R. | |
| 245 | 1 | _aNovo metodo de fazer taipas; taipa mecanica [arroz] | |
| 650 | _aCULTIVO DO SOLO | ||
| 650 | _aARROZ | ||
| 773 | 0 |
_tLavoura Arrozeira (Brazil) _xISSN 0023-9143 _g(Jan 1947), v. 1(1) p. 13-17 _wBR7302723 |
|
| 909 |
_a202311 _bLúcia _c55 _dLúcia Elande |
||
| 942 |
_2AGRIS _n0 _cANA |
||
| 999 |
_c91793 _d91793 |
||